1706 1183 1733 1502 1793 1841 1930 1091 1341 1019 1436 1663 1958 1508 1025 1744 1584 1240 1622 1099 1491 1482 1386 1305 1026 1316 1716 1121 1013 1042 1747 1771 1714 1647 1752 1751 1686 1664 1808 1800 1294 1297 1094 1683 1048 1146 1512 1126 1927 1562 1520 1923 1546 1278 1556 1188 1193 1861 1905 1395 1268 1749 1458 1005 1649 1063 1880 1374 1572 1781 1730 1978 1454 1210 1381 1312 1146 1430 1936 1989 1002 1753 1038 1309 1779 1739 1058 1431 1555 1872 1246 1586 1244 1997 1451 1765 1037 1336 1643 BCNSPRNW ULIB Ver.6.0+V

เปลี่ยนเป็นภาษาไทย

Change to English
 แสดงรายละเอียดบรรณานุกรม
  กลับหน้าหลัก

Brief Record : Get Marc (ISO 2709) : E-mail record : QR code < ปิดหน้าต่าง
LEADER : 00000nam 2200000uu 4500
001    13399113528
003     ULIB
008    110627s2000||||th 000 0 tha d
020    0439139597
090    นว.^bR884H ล.4 2000
100 0  Rowling J.K.
245 00 Harry potter and the goblet of fire/^cRowling J.K.
250    พิมพ์ครั้งที่ 1
260    New York :^bA.A. Levine Books,^c2000
300    734 หน้า
710 1  นานมีบุ๊คส์
945    ^p0^l0^i021843
995    ทศพร
999 ^a ใช้งานได้ทุกระบบ
รายการนี้ยังไม่มีแท็ก
คุณยังไม่ได้ล็อกอิน คุณสามารถมีกิจกรรมร่วมกับเว็บไซต์ได้ แต่ต้องล็อกอินก่อน ::
  ล็อกอิน

รายการสื่อสารสนเทศ

ลำดับที่ ประเภท เลขเรียก/บาร์โค้ด สถานที่ สถานะ
1. นวนิยาย
นวนิยาย
นว. R884H ล.4 2000 ฉ.1 
  Barcode: 021843
ห้องสมุดวิทยาเขตสวรรค์ประชารักษ์
►นวนิยาย
บนชั้น
  ขอยืม

รายการใกล้เคียง
    ผู้แต่ง [Rowling J.K.]

BibComment


ยังไม่เคยถูกคอมเมนท์

คอมเมนท์ทรัพยากรรายการนี้
  คอมเมนท์: Harry potter and ..


 Copyright 2026. Bcnsprnw @Library